banner-ar

القران وعلم النفس / (Record no. 34556)

MARC details
000 -الفاتح
حقل البيانات ثابتة الطول 00588nam a2200193Ia 4500
008 - عناصر البيانات ثابتة الطول - معلومات عامة
حقل البيانات ثابتة الطول 140319s9999 xx 000 0 ara d
040 ## - مصدر الفهرسة
وكالة الفهرسة الأصلية GCL /
وكالة النسخ GCL
082 04 - رقم تصنيف ديوى العشرى
رقم التصنيف 229.415
رقم المادة م ق
100 1# - المدخل الرئيسى - إسم شخصى
الإسم الشخصى محمد عثمان نجاتى
245 10 - بيان العنوان
العنوان القران وعلم النفس /
بيان المسئوليه,etc محمد عثمان نجاتى
260 ## - PUBLICATION, DISTRIBUTION, ETC. (IMPRINT)
تاريخ النشر أو التوزيع 1989
300 ## - الوصف المادى
التعداد 319 ص ؛
أبعاد الوعاء 24 سم
650 04 - المدخل الاضافى بالموضوع-مصطلح موضوعى
مصطلح موضوعي الاسلام
650 04 - المدخل الاضافى بالموضوع-مصطلح موضوعى
مصطلح موضوعي القران والعلم
650 04 - المدخل الاضافى بالموضوع-مصطلح موضوعى
مصطلح موضوعي علم النفس الدينى
650 04 - المدخل الاضافى بالموضوع-مصطلح موضوعى
مصطلح موضوعي القران
942 ## - عناصر المدخل الإضافي( كوها)
مصدر التصنيف او مخطط الترفيف Dewey Decimal Classification
Koha [default] item type كتاب
260 ## - PUBLICATION, DISTRIBUTION, ETC. (IMPRINT)
-- القاهرة :
-- دار الشروق ،
Holdings
حالة التراجع حالة الفقد حالة تلف ليس للاعارة المكان المؤقت الموقع الحالى تاريخ الاكتساب اجمالي اﻻعارات رقم الطلب الباركود تاريخ اخر مشاهدة تاريخ تفعيل السعر نوع وعاء كوها
        مكتبة القاهرة الكبرى مكتبة القاهرة الكبرى 03/26/2014   229.415\م ق 82732 03/26/2014 03/26/2014 كتاب
        مكتبة القاهرة الكبرى مكتبة القاهرة الكبرى 03/26/2014   229.415\م ق 82733 03/26/2014 03/26/2014 كتاب
        مكتبة القاهرة الكبرى مكتبة القاهرة الكبرى 03/26/2014   229.415\م ق 82734 03/26/2014 03/26/2014 كتاب

Powered By

EGPV